Population education: a national source book (Record no. 477548)

000 -LEADER
fixed length control field 00449cam a22001337a 4500
008 - FIXED-LENGTH DATA ELEMENTS--GENERAL INFORMATION
fixed length control field 180718b1991 xxu||||| |||| 00| 0 eng d
082 ## - DEWEY DECIMAL CLASSIFICATION NUMBER
Classification number B12 Se71
245 ## - TITLE STATEMENT
Title Population education: a national source book
Statement of responsibility, etc. edited by C. Seshadri
260 ## - PUBLICATION, DISTRIBUTION, ETC.
Place of publication, distribution, etc. New Delhi
Name of publisher, distributor, etc. National Council of Education Research and Training
Date of publication, distribution, etc. 1991
300 ## - PHYSICAL DESCRIPTION
Extent 404p.
650 ## - SUBJECT ADDED ENTRY--TOPICAL TERM
Topical term or geographic name entry element Population
700 ## - ADDED ENTRY--PERSONAL NAME
Personal name National Council of Education Research and Training
700 ## - ADDED ENTRY--PERSONAL NAME
Personal name Seshadri, C.
Holdings
Withdrawn status Lost status Damaged status Not for loan Permanent Location Current Location Date acquired Full call number Barcode Date last seen Price effective from Koha item type
        Indian Institute of Public Administration Indian Institute of Public Administration 2018-08-04 B12 Se71 GR12605 2018-08-04 2018-08-04 GR

Powered by Koha